000 01088nam a2200229Ia 4500
001 L220-4204
003 IT-CnALBA
008 170116s9999||||xx |||||||||||||| ||und||
040 _aIT-CnALBA
_cIT-CnALBA
041 _aBILINGUE
100 _aMOSÈ, PROFETA
245 0 _aSACRA SCRITTURA. TOMO IV. IL LEVITICO GIUSTA LA VULGATA IN LINGUA LATINA E VOLGARE.
250 _a2a ed.
260 _a VENEZIA
_bBASEGIO LORENZO
_c1775 [1° Ed.: n.d.]
300 _a272 p. (prefazione: 510)
500 _aINDICE DELL'ESODO E DEL LEVITICO. VECCHIO TESTAMENTO TESTO E COMMENTO. SPIEGAZIONE DEL SENSO LETTERALE E SPIRITUALE DEI SS. PADRI E AUTORI ECCLESIASTICI. CURATORE LE MAITRE DE SACY.
501 _aSocietà San Paolo EM - Piazza San Paolo, 14 - 12051 ALBA (CN) (non commercial uses only) ® Copyright 2017
520 _aINDICE DELL'ESODO E DEL LEVITICO. VECCHIO TESTAMENTO TESTO E COMMENTO. SPIEGAZIONE DEL SENSO LETTERALE E SPIRITUALE DEI SS. PADRI E AUTORI ECCLESIASTICI. CURATORE LE MAITRE DE SACY.
650 _aBIBBIA - TESTI E COMMENTI
942 _cBK
957 _71
999 _a5182
_bSI
_g Copie: 1
_c263390
_d263390